| 000 | 00761nam a2200241 4500 | ||
|---|---|---|---|
| 001 | 190429 | ||
| 003 | ES-MaACL | ||
| 005 | 20240110134302.0 | ||
| 008 | 210326s2000 sp 00| f|spa | ||
| 020 | _a84-08-03642-4 | ||
| 080 | _a821.134.2-31"19" | ||
| 100 | 1 |
_aTorres, Maruja. _9137746 |
|
| 245 | 1 | 0 |
_aMientras vivimos / _cMaruja Torres. |
| 250 | _a1ª ed. | ||
| 260 |
_aBarcelona : _bPlaneta, _c2000. |
||
| 300 |
_a264 p. ; _c24 cm. |
||
| 586 | 8 | _aPremio Platena 2000 | |
| 852 | 4 |
_aES-MaACL _jA-14629 _9 197606 _bR.152196 _cDEPO1 _dOlim: N-7629 _hDonación: José Lázaro _x Encuadernación en cartoné |
|
| 903 |
_9234219 _aLázaro García, José _ednr |
||
| 942 |
_2udc _cMONOGRAFIA |
||
| 999 |
_c190429 _d190429 |
||